Coatzacoalcos Economa̕ local y problemt̀ica social /

Detalles Bibliográficos
Autor principal: Barcelata Chv̀ez, Hilario
Formato: eBook
Lenguaje:español
Publicado: [s.l.] : Editorial vLex, 2011
Materias:
Acceso en línea:Acceso restringido

MARC

LEADER 00000nam a22000007a 4500
005 20120718183918.0
007 cr|||| ||||
008 120718s2011 mx |||||s|||| 00||0 spa d
035 |a 6583 
040 |a vLex 
090 |c 3292  |d 3292 
100 1 |a Barcelata Chv̀ez, Hilario 
245 1 0 |a Coatzacoalcos  |h [Recurso electrn̤ico] :  |b Economa̕ local y problemt̀ica social /  |c Hilario Barcelata Chv̀ez  
256 |a Servicio en ln̕ea 
260 |a [s.l.] :  |b Editorial vLex,  |c 2011 
300 |a 1 recurso electrn̤ico 
506 1 |a Contenido solo disponible en los productos indicados  |d vLex Global   |d vLex Global (Academic Edition, excluding Law Schools)   |d vLex Global (U.S. Academic Edition, Law Schools)   |d vLex Global (U.S. Academic Edition, excluding Law Schools)   |d vLex Global (Academic Edition, Law Schools)  
650 0 4 |a Economa̕  |z Mx̌ico 
650 0 4 |a Problemas sociales  |z Mx̌ico 
740 0 |a vLex Libros (Servicio en ln̕ea) 
856 4 0 |u http://vlex.com/source/coatzacoalcos-economia-local-problematica-social-6583  |z Acceso restringido 
942 |c BOOK 
999 0 |a Social problems 
999 0 |a Economics